000 00494nam a2200145Ia 4500
008 220216s9999 xx 000 0 und d
100 _aAji P Mathew
245 0 _aMechanical properties of interpenetrating polymer networks based on natural rubber and polystyrene
260 _bNational Seminar on Advances in Polymer Technology, Cochin, 1996; p17
650 _aInterpenetrating polymer networks
650 _aNatural rubber
650 _aPolystyrene
700 _aThomas Sabu
942 _cJS
999 _c62723
_d62723